[Event "London Central op U1750"]
[Site "London"]
[Date "2022.04.24"]
[Round "4"]
[White "Wickham, Michael"]
[Black "Denney, Simon C"]
[Result "1-0"]
[WhiteElo "1746"]
[BlackElo "1472"]
[PlyCount "113"]
[EventDate "2022.04.22"]
[EventType "swiss"]
[EventRounds "5"]
[EventCountry "ENG"]
[SourceTitle "EXT 2024"]
[Source "ChessBase"]
[SourceDate "2023.10.10"]
[SourceVersion "1"]
[SourceVersionDate "2023.10.10"]
[SourceQuality "1"]

1. e4 e6 2. d4 d5 3. Nc3 Nf6 4. Bg5 Bb4 5. e5 h6 6. Bd2 Nfd7 7. f4 a6 8. a3 Be7 9. Nf3 c5 10. Ne2 Nc6 11. c3 0-0 12. f5 exf5 13. Nf4 Nb6 14. Bd3 Re8 15. 0-0 Qc7 16. Qc2 g6 17. Rae1 Bf8 18. e6 Bxe6 19. Nxe6 Rxe6 20. Rxe6 fxe6 21. Re1 Qd7 22. Nh4 g5 23. Nxf5 exf5 24. Bxf5 Qg7 25. Re6 Ne7 26. Rxb6 Nxf5 27. Qxf5 Kh8 28. Qxd5 cxd4 29. Rxb7 Qg6 30. Rd7 Re8 31. Qxd4+ Bg7 32. Qd3 Qb6+ 33. Kh1 Qe6 34. Rd8 Qe7 35. Rxe8+ Qxe8 36. Be3 Qb8 37. Qd2 Be5 38. Bd4 Kg8 39. Bxe5 Qxe5 40. Qd8+ Kf7 41. Qd4 Qxd4 42. cxd4 Ke6 43. Kg1 Kd5 44. Kf2 Kxd4 45. Ke2 Kc4 46. Kd2 Kb3 47. Kc1 h5 48. g3 h4 49. gxh4 gxh4 50. h3 Ka4 51. Kc2 Kb5 52. b3 a5 53. Kc3 Kb6 54. Kc4 Ka6 55. Kc5 a4 56. b4 Kb7 57. Kb5 1-0

[Event "Guernsey Holiday op 41st"]
[Site "Guernsey"]
[Date "2015.10.21"]
[Round "4"]
[White "Van Beek, Ronald"]
[Black "Wickham, Michael"]
[Result "0-1"]
[WhiteElo "1297"]
[BlackElo "1728"]
[PlyCount "42"]
[EventDate "2015.10.18"]
[EventType "swiss"]
[EventRounds "7"]
[EventCountry "GCI"]
[SourceTitle "EXT 2022"]
[Source "ChessBase"]
[SourceDate "2021.10.06"]
[SourceVersion "1"]
[SourceVersionDate "2021.10.06"]
[SourceQuality "1"]

1. d4 Nf6 2. Nf3 g6 3. Bg5 Bg7 4. Bxf6 exf6 5. e3 0-0 6. Be2 d6 7. 0-0 f5 8. Nbd2 Nd7 9. c3 Nf6 10. h3 Re8 11. Bc4 d5 12. Bb3 Ne4 13. Nxe4 fxe4 14. Nd2 Be6 15. c4 c5 16. cxd5 Bxd5 17. Bxd5 Qxd5 18. Nb3 cxd4 19. Nxd4 Rad8 20. Qc2 Bxd4 21. Rfd1 Qc5 0-1

[Event "Guernsey Holiday op 41st"]
[Site "Guernsey"]
[Date "2015.10.19"]
[Round "2"]
[White "Wickham, Michael"]
[Black "Van Hoek, Wilhelmus J"]
[Result "0-1"]
[WhiteElo "1728"]
[BlackElo "1869"]
[PlyCount "80"]
[EventDate "2015.10.18"]
[EventType "swiss"]
[EventRounds "7"]
[EventCountry "GCI"]
[SourceTitle "EXT 2022"]
[Source "ChessBase"]
[SourceDate "2021.10.06"]
[SourceVersion "1"]
[SourceVersionDate "2021.10.06"]
[SourceQuality "1"]

1. e4 e5 2. Nf3 Nc6 3. Bb5 f5 4. d4 fxe4 5. Nxe5 Nxe5 6. dxe5 c6 7. Ba4 Qa5+ 8. c3 Qxe5 9. 0-0 Nf6 10. g3 d5 11. Bf4 Qe6 12. Nd2 Bd6 13. Bxd6 Qxd6 14. Nc4 Qc7 15. Ne3 0-0 16. c4 dxc4 17. Qe2 b5 18. Bc2 Bh3 19. Rfd1 Qe5 20. b3 c3 21. a4 Nd5 22. Nxd5 cxd5 23. f4 Qe6 24. Qxb5 Rad8 25. Qc5 Rxf4 26. Qxc3 Rf3 27. Qa5 Rdf8 28. Qb5 Qb6+ 29. Qxb6 axb6 30. b4 g6 31. Rac1 Kg7 32. Bb1 e3 33. Bd3 Rf2 34. Re1 d4 35. Bf1 Bg4 36. Bd3 Bf5 37. Bxf5 R8xf5 38. Rf1 d3 39. Rxf2 Rxf2 40. Rf1 d2 0-1